Every Disney Movie 1937-2000 - Statistics

General Stats
  • This quiz has been taken 312 times
    276 since last reset
  • The average score is 32 of 264
Answer Stats
Hint Answer % Correct
1937 Snow White and the Seven Dwarfs
96%
1950 Cinderella
86%
1940 Fantasia
79%
2000 Fantasia/2000
79%
1959 Sleeping Beauty
78%
1994 The Lion King
72%
1991 Beauty and the Beast
71%
1995 Toy Story
71%
1992 Aladdin
67%
1989 The Little Mermaid
67%
1998 Mulan
63%
1995 Pocahontas
60%
1999 Toy Story 2
59%
1996 101 Dalmatians
57%
1961 One Hundred and One Dalmatians
57%
1994 Rudyard Kipling's The Jungle Book
57%
1967 The Jungle Book
57%
1941 Dumbo
56%
1942 Bambi
55%
1955 Lady and the Tramp
52%
1970 The Aristocats
52%
1953 Peter Pan
51%
1998 A Bug’s Life
49%
1973 Robin Hood
49%
1952 The Story of Robin Hood and His Merrie Men
49%
1997 Hercules
48%
1940 Pinnochio
45%
1964 Mary Poppins
44%
1981 The Fox and the Hound
42%
1999 Tarzan
41%
1996 The Hunchback of Notre Dame
41%
1951 Alice in Wonderland
40%
1977 The Rescuers
40%
1963 The Sword in the Stone
38%
1977 The Many Adventures of Winnie the Pooh
37%
1985 The Black Cauldron
32%
1990 The Rescuers Down Under
32%
1998* The Lion King II: Simba's Pride
30%
2000 The Emperor’s New Groove
28%
1986 The Great Mouse Detective
28%
1946 Song of the South
27%
1971 Bedknobs and Broomsticks
26%
1988 Oliver and Company
26%
1945 The Three Caballeros
26%
1995 A Goofy Movie
21%
1994 D2: The Mighty Ducks
20%
1947 Fun and Fancy Free
19%
1949 The Adventures of Ichabod and Mr. Toad
18%
2000* The Little Mermaid II: Return to the Sea
18%
1969 The Love Bug
17%
1961 | 1998 The Parent Trap
17%
1950 Treasure Island
17%
2000 Dinosaur
16%
1946 Make Mine Music
16%
1948 Melody Time
15%
1943 Saludos Amigos
15%
1977 Freaky Friday
14%
1960 Swiss Family Robinson
14%
1992 The Mighty Ducks
14%
2000 102 Dalmatians
13%
2000 The Tigger Movie
12%
1990 Ducktales: the Movie, Treasure of the Lost Lamp
11%
1997 Flubber
11%
1989 Honey, I Shrunk the Kids
11%
1977 Pete’s Dragon
11%
1994* The Return of Jafar
11%
1959 The Shaggy Dog
11%
1996 James and the Giant Peach
10%
1954 20,000 Leagues Under the Sea
9%
1997 Air Bud
9%
1996 D3: The Mighty Ducks
9%
1974 Herbie Rides Again
9%
1993 Homeward Bound: The Incredible Journey
9%
1957 Old Yeller
9%
1960 Pollyanna
9%
1993 The Three Musketeers
9%
1982 Tron
9%
1998* Pocahontas II: Journey to a New World
8%
2000* An Extremely Goofy Movie
7%
1994 Angels in the Outfield
7%
1993 Hocus Pocus
7%
1992 Honey, I Blew Up the Kid
7%
1965 That Darn Cat!
7%
1997 That Darn Cat
7%
1941 The Reluctant Dragon
7%
1996* Aladdin and the King of Thieves
6%
1961 Babes in Toyland
6%
1993 Cool Runnings
6%
1986 Flight of the Navigator
6%
1980 Herbie Goes Bananas
6%
1996 Homeward Bound II: Lost in San Francisco
6%
1985 Return to Oz
6%
1961 The Absent-Minded Professor
6%
1995 A Kid in King Arthur’s Court
5%
1968 Blackbeard’s Ghost
5%
1959 Darby O’Gill and the Little People
5%
1999 Doug’s 1st Movie
5%
1975 Escape to Witch Mountain
5%
1997 George of the Jungle
5%
1977 Herbie Goes to Monte Carlo
5%
1997* Honey We Shrunk Ourselves
5%
1999 Inspector Gadget
5%
1996 Muppet Treasure Island
5%
2000 Remember the Titans
5%
1949 So Dear to My Heart
5%
1963 Son of Flubber
5%
1975 The Apple Dumpling Gang
5%
1979 The Black Hole
5%
1963 The Incredible Journey
5%
2000 The Kid
5%
1992 The Muppet Christmas Carol
5%
1994 The Santa Clause
5%
1976 The Shaggy D.A.
5%
1953 The Sword and the Rose
5%
1995 Tom and Huck
5%
1943 Victory Through Air Power
5%
1991 White Fang
5%
1997* Beauty and the Beast: The Enchanted Christmas
4%
1962 Big Red
4%
1995 Heavyweights
4%
1992 Newsies
4%
1957 Perri
4%
1963 Summer Magic
4%
1979 The Apple Dumpling Gang Rides Again
4%
1969 The Computer Wore Tennis Shoes
4%
1960 The Sign of Zorro
4%
1966 The Ugly Dachshund
4%
1958 Tonka
4%
1962 Almost Angels
3%
1981 Amy
3%
1989 Cheetah
3%
1956 Davy Crockett and the River Pirates
3%
1955 Davy Crockett, King of the Wild Frontier
3%
1996 First Kid
3%
1966 Follow Me, Boys!
3%
1976 Gus
3%
1998 I’ll Be Home For Christmas
3%
1994 Iron Will
3%
1957 Johnny Tremain
3%
1960 Jungle Cat
3%
1997 Jungle to Jungle
3%
1960 Kidnapped
3%
1999* Mickey's Once Upon a Christmas
3%
1998 Mighty Joe Young
3%
1963 Miracle of the White Stallions
3%
1962 Moon Pilot
3%
1997 Mr. Magoo
3%
1999 My Favorite Martian
3%
1995 Operation Dumbo Drop
3%
1978 Return from Witch Mountain
3%
1954 Rob Roy, the Highland Rogue
3%
1963 Savage Sam
3%
1956 Secrets of Life
3%
1969 Smith!
3%
1983 Something Wicked This Way Comes
3%
1973 Superdad
3%
1960 Ten Who Dared
3%
1982 Tex
3%
1955 The African Lion
3%
1978 The Cat From Outer Space
3%
1967 The Gnome-Mobile
3%
1956 The Great Locomotive Chase
3%
1998* The Jungle Book: Mowgli's Story
3%
1958 The Light in the Forest
3%
1955 The Littlest Outlaw
3%
1953 The Living Desert
3%
1965 The Monkey’s Uncle
3%
1991 The Rocketeer
3%
1999 The Straight Story
3%
1959 Third Man on the Mountain
3%
1956 Westward Ho the Wagons
3%
1958 White Wilderness
3%
1993 Adventures of Huck Finn
2%
1993 A Far Off Place
2%
1964 A Tiger Walks
2%
1998* Beauty and the Beast: Belle's Magical World
2%
1987 Benji the Hunted
2%
1994 Blank Check
2%
1962 Bon Voyage
2%
2000* Buzz Lightyear of Star Command: The Adventure Begins
2%
1978 Candleshoe
2%
1967 Charlie, the Lonesome Cougar
2%
1995 Frank and Ollie
2%
1961 Greyfriars Bobby
2%
1999* Hercules: Zero to Hero
2%
1962 In Search of the Castaway
2%
1966 Lt. Robin Crusoe U.S.N.
2%
1995 Man of the House
2%
1998 Meet the Deedles
2%
1997* Mighty Ducks the Movie: The First Face-Off
2%
1967 Monkeys, Go Home!
2%
1961 Nikki, Wild Dog of the North
2%
1973 One Little Indian
2%
1975 One of our Dinosaurs is Missing
2%
1997* Pooh's Grand Adventure: The Search for Christopher Robin
2%
1969 Rascal
2%
1988 Return to Snowy River
2%
1997 RocketMan
2%
1972 Run, Cougar, Run
2%
1972 Snowball Express
2%
1995 Tall Tale
2%
1971 The $1,000,000 Duck
2%
1995 The Big Green
2%
1972 The Biscuit Eater
2%
1966 The Fighting Prince of Donegal
2%
1967 The Happiest Millionaire
2%
1968 The Horse in the Gray Flannel Suit
2%
1974 The Island at the Top of the World
2%
1962 The Legend of Lobo
2%
1964 The Moon-Spinners
2%
1975 The Strongest Man in the World
2%
1963 The Three Lives of Thomasina
2%
1954 The Vanishing Prarie
2%
1981 The Watcher in the Woods
2%
1971 The Wild Country
2%
1960 Toby Tyler, or Ten Weeks with a Circus
2%
1994 White Fang 2: Myth of the White Wolf
2%
1991 Wild Hearts Can’t Be Broken
2%
1996* Around the World with Timon and Pumbaa
1%
1985 Baby…Secret of the Lost Legend
1%
1999* Belle’s Tales of Friendship
1%
1973 Charley and the Angel
1%
1981 Condorman
1%
1964 Emil and the Detectives
1%
1999 Endurance
1%
1995* Gargoyles the Movie: The Heroes Awaken
1%
1978 Hot Lead and Cold Feet
1%
1970 King of the Grizzlies
1%
1980 Midnight Madness
1%
1972 Napoleon and Samantha
1%
1968 Never a Dull Moment
1%
1983 Never Cry Wolf
1%
1982 Night Crossing
1%
1976 No Deposit, No Return
1%
1972 Now You See Him, Now You Dont
1%
1985 One Magic Christmas
1%
1976 Ride a Wild Pony
1%
1971 Scandalous John
1%
1991 Shipwrecked
1%
1994 Squanto: A Warriors Tale
1%
1967 The Adventures of Bullwhip Griffin
1%
1971 The Barefoot Executive
1%
1974 The Bears and I
1%
1975 The Best of Walt Disney’s True-Life Adventures
1%
1970 The Boatniks
1%
1974 The Castaway Cowboy
1%
1981 The Devil and Max Devlin
1%
1999 The Hand Behind the Mouse: The Ub Iwerks Story
1%
1980 The Last Flight of Noah’s Ark
1%
1977 The Littlest Horse Thieves
1%
1964 The Misadventures of Merlin Jones
1%
1979 The North Avenue Irregulars
1%
1968 The One and Only, Genuine, Original Family Band
1%
1973 The World’s Greatest Athlete
1%
1965 Those Calloways
1%
1984 Tiger Town
1%
1976 Treasure at Matecumbe
1%
1983 Trenchcoat
1%
1979 Unidentified Flying Oddball
1%
2000 Whispers: An Elephants Tale
1%
1999* Winnie the Pooh: Seasons of Giving
1%
1997* Jungle Cubs: Born to Be Wild
0%
1985 The Journey to Natty Gann
0%
No matching quizzes found
Score Distribution
Percent of People with Each Score
Percentile by Number Answered
Your Score History
You have not taken this quiz since the last reset